Readings in agents

Αποθηκεύτηκε σε:
Λεπτομέρειες βιβλιογραφικής εγγραφής
Άλλοι συγγραφείς: Huhns, Michael N. (Επιμελητής έκδοσης), Singh, Munindar P. (Munindar Paul), 1964- (Επιμελητής έκδοσης)
Μορφή: Βιβλίο
Γλώσσα:English
Δημοσίευση: San Fransisco, California : Morgan Kaufmann Publishers, Inc., 1998.
Θέματα:
Ετικέτες: Προσθήκη ετικέτας
Δεν υπάρχουν, Καταχωρήστε ετικέτα πρώτοι!

MARC

LEADER 00000cam a2200000 i 4500
001 1/60549
008 980603s1998 cau| ||| |||| ||eng||
020 |a 1558604952 
035 |l 10028734 
040 |a GR-MyUA  |b gre  |e AACR2 
041 0 |a eng 
082 0 |a 006.3  |2 (21) 
245 1 0 |a Readings in agents /   |c edited by Michael N. Huhns and Munindar P. Singh.  
260 |a San Fransisco, California :   |b Morgan Kaufmann Publishers, Inc.,   |c 1998.  
300 |a xv, 523 σ. :   |b εικ. ;   |c 29 εκ.  
504 |a Περιέχει βιβλιογραφικές αναφορές και ευρετήριο.  
650 0 0 |a Intelligent agents (Computer software) 
700 1 |a Huhns, Michael N.  |e edt 
700 1 |a Singh, Munindar P.   |q (Munindar Paul),   |d 1964-  |e edt 
852 |a INST  |b CHIOS  |e 19980603  |h 006.3 REA  |p 005200016342  |q 005200016342  |t BK  |y 0 
852 |a INST  |b CHIOS  |e 20010206  |h 006.3 REA  |p 005200016945  |q 005200016945  |t BK  |y 0 
852 |a INST  |b SAMOS  |e 20000828  |h 006.3 REA  |p 005300015247  |q 005300015247  |t BK  |y 0 
852 |a INST  |b SAMOS  |e 20000828  |h 006.3 REA  |p 005300015248  |q 005300015248  |t BK  |y 0 
852 |a INST  |b SAMOS  |e 20000828  |h 006.3 REA  |p 005300015249  |q 005300015249  |t BK  |y 0 
852 |a INST  |b SAMOS  |e 20000531  |h 006.3 REA  |p 005300017241  |q 005300017241  |t BK  |y 0 
852 |a INST  |b SAMOS  |e 20000531  |h 006.3 REA  |p 005300017242  |q 005300017242  |t BK  |y 0 
852 |a INST  |b SAMOS  |e 20000531  |h 006.3 REA  |p 005300017243  |q 005300017243  |t BK  |y 0 
852 |a INST  |b SAMOS  |e 20000531  |h 006.3 REA  |p 005300017244  |q 005300017244  |t BK  |y 0 
852 |a INST  |b SAMOS  |e 20000531  |h 006.3 REA  |p 005300017245  |q 005300017245  |t BK  |y 0 
852 |a INST  |b SAMOS  |e 20000531  |h 006.3 REA  |p 005300017247  |q 005300017247  |t BK  |y 0 
852 |a INST  |b SYROS  |e 20000531  |h 006.3 REA  |p 005500000494  |q 005500000494  |t BK  |y 0 
901 |a BIBL3-2000-2 
901 |a BIBL2-2001-1 
909 |a Χ  |b 056970 
909 |a Χ  |b 076276 
909 |a Σ  |b 075470 
909 |a Σ  |b 056971 
909 |a Σ  |b 075472 
909 |a Σ  |b 075473 
909 |a Σ  |b 075474 
909 |a Σ  |b 067877 
909 |a Σ  |b 075194 
909 |a Σ  |b 075196 
909 |a Σ  |b 075195 
909 |a Ε  |b 067876 
922 |a 2ΕΛΗ  |b 199805  |c ΤΔΕ  |d ΠΑΠΑΣΩΤΗΡΙΟΥ 
922 |a 3ΕΛΗ  |b 200002  |c ΤΠΕΣ/ΠΟΛ  |d ΠΑΠΑΣΩΤΗΡΙΟΥ 
922 |a 5ΕΛΗ  |b 200002  |c ΤΠΕΣ/ΠΟΛ  |d LEADER 
970 |a ΓΕΝΟΥΖΟΥ  |b ΧΡΥΣΑΝΘΗ  |z 2000/05/31